| 000 | 01486nam a2200373 a 4500 | ||
|---|---|---|---|
| 003 | BLK | ||
| 005 | 20230616134219.0 | ||
| 008 | 180412b bul|||||r ||||||| ||bul|| | ||
| 010 | _aKNG00002397000 | ||
| 020 | _a954-8415-16-X | ||
| 040 | _aBLK | ||
| 041 |
_aBUL _cBUL |
||
| 080 |
_aАмериканска литература (на САЩ) _b821.111(73) _x-312.4 _z821.111(73)-312.4 |
||
| 100 | 1 |
_aСпилейн, Мики _eпърви автор _gМорис, Франк _9122690 |
|
| 139 |
_aСпилейн, Мики _bС 57 |
||
| 245 | 1 | 0 |
_aСекс капан _b[Кримин.] роман _cМики Спилейн; прев. от англ. Владимир Германов; Франк Морис. |
| 257 | _aUSA | ||
| 260 |
_aСофия _bДелакорт _c1994 _fВраца : Полипринт |
||
| 300 |
_a400 с. _c20 см |
||
| 380 | _aX | ||
| 490 |
_aАмериканска криминална класика _v5 |
||
| 500 | _aThe Erection Set / Mickey Spillane ; Мики Спилейн - псевд. на Франк Морис. - 8 000 тир. | ||
| 653 | _aромани | ||
| 653 | _aкрими | ||
| 700 | 1 |
_aГерманов, Владимир _eпрев. от англ. _9243620 |
|
| 700 | 1 |
_aМорис, Франк _9241676 |
|
| 852 |
_aЦб 176406 _bЦб |
||
| 856 | 4 |
_qpdf _u |
|
| 856 | 4 |
_qpdf _u |
|
| 942 |
_cKNG _n0 |
||
| 944 |
_aCR _c15.01.2003 _lф / _kЛюдмила_Стоянова |
||
| 944 |
_aED _c16.06.2010 _lф / |
||
| 999 |
_c1554 _d1554 |
||
| 999 | _d1554 | ||